000 00932nam a22003137a 4500
001 BR9802363
003 BR-BrBNA
005 20230928095915.0
007 ta
008 230509b bl.||||| |||| 00| 0 por d
040 _aBR-BrBNA
_bpor
_cBiblioteca Nacional de Agricultura
041 _a(Por)
072 _aE40
090 _ E40 BR9802363
100 1 _aBenato, J.V.A.
110 1 _aInstituto de Cooperativismo e Associativismo, Sao Paulo, SP (Brasil)
_95992
110 1 _aSecretaria de Agricultura e Abastecimento, Sao Paulo, SP (Brasil). Coordenadoria Socio-Economica
245 1 _aCooperativismo, encontros e desencontros
250 1 _a3. ed.
260 3 _aSao Paulo, SP (Brasil):
_c1996.
300 _a123 p.
650 _aCooperativa
650 _aAdministracao
650 _aAssociativismo
650 _aCredito
650 _aDesenvolvimento Social
909 _a202309
_bLucia
_c55
_dLucia Elande
942 _cBK
999 _c59341
_d59341